Istrobanka, a.s. výročná správa 1999

Uložené v:
Podrobná bibliografia
Médium: Kniha
Jazyk:Slovak
English
Vydavateľské údaje: Bratislava Istrobanka 2000
Predmet:
Tagy: Pridať tag
Žiadne tagy, Buďte prvý, kto otaguje tento záznam!

MARC

LEADER 00000nam a2200000 4500
001 c124452
005 20240104101059.0
041 0 |a slo 
041 0 |a eng 
044 |a SK 
245 1 0 |a Istrobanka, a.s.  |b výročná správa 1999 
264 1 |a Bratislava  |b Istrobanka  |c 2000 
300 |a 58 s. 
610 2 0 |a banky 
610 2 0 |a služby bankové 
610 2 0 |a služby finančné 
610 2 0 |a operácie bankové